Java in 60 minutes a day

Uloženo v:
Podrobná bibliografie
Hlavní autor: Raposa, Richard F.
Médium: Kniha
Jazyk:Undetermined
Vydáno: Indianapolis Wiley publishing, Inc 2003
Témata:
Tagy: Přidat tag
Žádné tagy, Buďte první, kdo otaguje tento záznam!
Thư viện lưu trữ: Trung tâm Học liệu Trường Đại học Cần Thơ
LEADER 00531nam a2200193Ia 4500
001 CTU_64768
008 210402s9999 xx 000 0 und d
020 |c 849000 
082 |a 005.133 
082 |b R219 
100 |a Raposa, Richard F. 
245 0 |a Java in 60 minutes a day 
245 0 |c Richard F. Raposa 
260 |a Indianapolis 
260 |b Wiley publishing, Inc 
260 |c 2003 
650 |a Java ( computer program language ) 
904 |i Trọng Hải 
980 |a Trung tâm Học liệu Trường Đại học Cần Thơ